| 000 | 02183nam0a2200385 4500 | ||
|---|---|---|---|
| 001 | RU\NLR\BIBL_A\012529392 | ||
| 005 | 20210702144331.0 | ||
| 010 |
_a978-5-907310-40-7 _9500 |
||
| 021 |
_aRU _bКН-П-21-001274 _9КН-П-21-0093 |
||
| 035 | _a(NLR Aleph) 012529392 | ||
| 035 | _a(RuMoRGB)010553109 | ||
| 090 |
_a12358149 _c12358149 |
||
| 100 | _a20210526d2020 u y0rusy50 ca | ||
| 101 | 0 | _arus | |
| 102 | _aRU | ||
| 105 | _aa|||j|||000zy | ||
| 181 | 0 |
_ai _baxxe |
|
| 182 | 0 | _an | |
| 200 | 1 |
_aКлиническое питание. Рациональная нутритивная поддержка в интенсивной терапии _eучебное пособие _fМихайличенко В.Ю., Самарин С.А. _gМинистерство науки и высшего образования Российской Федерации, ФГАОУ ВО "Крымский федеральный университет им. В.И. Вернадского", Медицинская академия им. С.И. Георгиевского |
|
| 203 |
_aТекст _bвизуальный _cнепосредственный |
||
| 210 |
_aСимферополь _cАриал _d2020 |
||
| 215 |
_a55, [1] с. _cил., табл. _d21 |
||
| 300 | _aНа обороте тит. с. авт.: Михайличенко В.Ю., д-р мед. наук, проф., Самарин С.А., канд. мед. наук, доц. | ||
| 320 | _aБиблиогр.: с. 54-55 (16 назв.) | ||
| 517 | 1 | _aРациональная нутритивная поддержка в интенсивной терапии | |
| 606 | 1 |
_aИскусственное питание _jУчебные издания _xПрименение в интенсивной терапии _92275780 _3RU\NLR\AUTH\661363801 |
|
| 610 | 0 | _aпарентеральное питание | |
| 686 | 1 | _aР351.3я7 | |
| 700 | 1 |
_aМихайличенко _bВ. Ю. _gВячеслав Юрьевич |
|
| 701 | 1 |
_aСамарин _bС. А. _gСергей Александрович |
|
| 942 | _cBOOK | ||
| 980 | _aNBR | ||
| 980 | _aNB | ||